00685nam a22001937a 450000500170000001000150001702000120003203500140004403700130005808200140007110000270008524500740011226000320018627000530021830000200027194200280029199900190031995201530033820240222152023.0 aENG-138018 c1995.00 aEN-121550 bDBAD/PUB a201.40954 aLohe, Kewepfuzu962415 aMedanism and Christianity: bA sociological Study/cBy Kewepfuzu Lohe aAssambEBH Publishersc2022 a136, M.L. Nehru Road, PanbazarbGuwahatie781001 a387Pc25cm(pbk) 2ddccENh201.40954mLOH c198208d198208 001040708NFICaTNbTNd2023-09-15eDBAD/PUBg1995.00l1m1o201.40954 LOHpEN-121550r2025-02-17 00:00:00s2025-01-23t1v1995.00w2023-09-15yEN